|
|
|
|
| LEADER |
00000nam a2200000 a 4500 |
| 001 |
vtls011578777 |
| 003 |
SK-MaSNL |
| 005 |
20260301092729.0 |
| 008 |
251112s1551 gw 010 0bger |
| 015 |
|
|
|a SNBHFA1551
|
| 035 |
|
|
|a A8B83777-F87D-43A1-88DE-EEE1FEDC127E
|
| 035 |
|
|
|a urn:nbn:sk:snk-amlt1b
|
| 035 |
|
|
|a urn:nbn:sk:snk-am00cahe
|
| 040 |
|
|
|a SNKHF
|b slo
|c SDKK
|e AACR2
|
| 041 |
0 |
|
|a ger
|
| 044 |
|
|
|a gw
|c DE
|
| 072 |
|
7 |
|a 2-1
|x Prirodzená teológia. Náboženská filozofia
|2 konspekt
|
| 080 |
|
|
|a 2‑21
|2 2011
|
| 080 |
|
|
|a 27‑312
|2 2011
|
| 080 |
|
|
|a 2‑528
|2 2011
|
| 100 |
1 |
|
|a Brenz, Johannes,
|c starší,
|d 1499-1570
|4 aut
|9 180455
|
| 245 |
1 |
0 |
|a Passio Vnsers Herren Jesu Christi leyden vnd sterben, nach Hystorischer beschreybung der vier Euangelisten, in Latein außgelegt, Jetzund allen frommen Christen, so der Lateinischen sprach vnwissend, zu nutz vnd wolfart ihrer Seellen heyl verdeutscht, Auch gezieret mit schỏnen Figuren vnd Concordantzen
|c durch, Herren Johann Brentzen
|
| 260 |
|
|
|a Gedruckt zu Nủrnberg/
|b durch Johann Daubman.
|c M. D. LI.[=1551]
|
| 300 |
|
|
|a [8], CXCVII[=197] l.
|c 2°
|
| 500 |
|
|
|a Signet; iniciálka s figurálno-ornamentálnym pozadím v rámčeku na 6 r., iniciálky s ornamnetálnym pozadím vo voľnom priestore na 5 r., drevorezy obrazov v texte s biblickými motívmi
|
| 501 |
|
|
|a Príväzok 4. k: CORVINUS, Anton. Kurtze vnd ainfeltige Außlegung der Epistolen vnd Euangelien. Augspurg: Valentin Othmar, 1545.
|5 SNK IB 73394
|
| 504 |
|
|
|a Marginálie, kustódy
|
| 508 |
|
|
|a Predslov: Hans Daubmann; Ded.: Hans Daubmann; Georg Friedrich - brandenburský, štetínsky a pomoraňský markgróf
|
| 510 |
4 |
|
|a VD 16
|c B/7796
|
| 546 |
|
|
|a Nemčina
|b Fraktúra
|
| 600 |
0 |
7 |
|a Ježiš Kristus
|2 SNKMA
|
| 630 |
0 |
7 |
|a Biblia
|p Evanjeliá
|2 SNKPH
|9 162776
|
| 650 |
0 |
7 |
|a biografia
|2 SNKPH
|9 71085
|
| 650 |
0 |
7 |
|a utrpenie Ježiša Krista
|2 SNKPH
|9 64563
|
| 650 |
0 |
7 |
|a teológia
|2 SNKPH
|9 1814
|
| 650 |
0 |
7 |
|a liturgia
|2 SNKPH
|9 1990
|
| 700 |
0 |
|
|a Georg Friedrich
|b I.,
|c brandenburský markgróf,
|d 1539-1603
|4 hnr
|9 92098
|
| 700 |
1 |
|
|a Daubmann, Hans,
|d ?-1573
|4 prt
|4 aui
|4 dto
|9 424006
|
| 710 |
2 |
|
|a Lontovska knižnica (Lontov, Slovensko).
|4 fmo
|9 341279
|
| 710 |
0 |
|
|a Daubmann, Hans (Norimberg, Nemecko),
|d 1545-1553
|4 prt
|9 396796
|
| 752 |
|
|
|a Nemecko
|d Norimberg
|
| 852 |
|
|
|a snk
|b Lontovská knižnica
|p IB 73394/prív.4
|
| 958 |
|
|
|a ONDV
|
| 999 |
|
|
|c 674939
|d 676869
|
| 952 |
|
|
|t AL 17845
|a SNK
|b SNK
|c SNK_HF
|y PREZ
|7 0
|p 17A1127663
|o snkIB 73394/prív.4
|i snk2016/21075
|8 5
|0 0
|1 0
|4 0
|d 2016-09-09
|f 1
|l 0
|r 2026-02-23 19:39:03
|w 2026-02-23
|